Die With A Smile lyrics - Statistics

General Stats
  • This quiz has been taken 73 times
  • The average score is 34 of 46
Answer Stats
Answer % Correct
If the {world} was ending
89%
If the {world} was ending
89%
If the {world} was ending
89%
If the {world} was ending
89%
If the {world} was ending
89%
I, I just {woke} {up} from a dream
88%
If the world was {ending}
86%
If the world was {ending}
86%
I'd wanna be {next} {to} {you}
82%
I'd wanna be {next} {to} {you}
82%
I'd wanna be {next} {to} {you}
82%
I'd wanna be {next} {to} {you}
82%
I'd wanna be {next} {to} {you}
82%
I'd wanna be {next} {to} {you}
82%
I'd wanna be {next} {to} {you}
82%
I'd wanna be {next} {to} {you}
82%
Like it's the {last} {night}
82%
Like it's the {last} {night}
82%
Next to you
82%
So I'ma love you every night like it's the {last} {night}
82%
So I'ma love you every night like it's the {last} {night}
82%
Where you and I had to say {goodbye}
80%
And {die} {with} {a} {smile}
77%
And {die} {with} {a} {smile}
77%
And {die} {with} {a} {smile}
77%
If the {party} was over
77%
If the {party} was over
77%
If the {party} was over
77%
I'd wanna hold you just {for} {a} {while}
73%
I'd wanna hold you just {for} {a} {while}
73%
I'd wanna hold you just {for} {a} {while}
73%
And I don't know what {it} {all} {means}
70%
Nobody's {promised} tomorrow
70%
Nobody's {promised} tomorrow
70%
{Wherever} {you} {go}, that's where I'll follow
70%
{Wherever} {you} {go}, that's where I'll follow
70%
'Casue you already know what you {mean} to me
64%
And our time on Earth was {through}
63%
And our time on Earth was {through}
63%
And our time on Earth was {through}
63%
But since I {survived}, I {realized}
63%
I don't even wanna do this {anymore}
61%
{Right} next to you
50%
{Right} next to you
50%
Ooh, {lost}, {lost} in the words that we scream
46%
And our love's the only {war} {worth} fighting for
34%
No matching quizzes found
Score Distribution
Percent of People with Each Score
Percentile by Number Answered
Your Score History
You have not taken this quiz